Statistics for NHL Career Shutout Leaders

Click here to take the quiz!

General Stats

  • This quiz has been taken 165 times
  • The average score is 10 of 32

Answer Stats

NumberShutoutsPlayer% Correct
1666Patrick Roy
94%
1125Martin Brodeur
88%
881Dominik Hasek
78%
1274Marc-André Fleury
76%
1764Henrik Lundqvist
61%
977Roberto Luongo
51%
582Jacques Plante
46%
1176Ed Belfour
44%
2060Jonathan Quick
43%
2752Tuukka Rask
42%
3250Chris Osgood
41%
3151Curtis Joseph
37%
1076Tony Esposito
33%
1960Pekka Rinne
31%
2103Terry Sawchuk
30%
2454Bernie Parent
22%
484Glenn Hall
22%
2159Evgeni Nabokov
21%
1861Turk Broda
17%
3051Rogie Vachon
15%
394George Hainsworth
11%
2951Tomas Vokoun
11%
2554Ed Giacomin
10%
781Tiny Thompson
10%
2653Jaroslav Halak
6%
681Alec Connell
5%
2357Clint Benedict
5%
1471Harry Lumley
4%
1567Roy Worters
4%
2258John Ross Roach
3%
1371Lorne Chabot
3%
2851Dave Kerr
2%

Score Distribution

Percentile by Number Answered

Percent of People with Each Score

Your Score History

You have not taken this quiz